UBT Library

Soil chemistry and ecosystem health : (Record no. 43802)

000 -LEADER
fixed length control field 01030cam a2200277 a 4500
001 - CONTROL NUMBER
control field 1201417
005 - DATE AND TIME OF LATEST TRANSACTION
control field 20180301045417.0
008 - FIXED-LENGTH DATA ELEMENTS--GENERAL INFORMATION
fixed length control field 980605s1998 wiua b 100 0 eng d
010 ## - LIBRARY OF CONGRESS CONTROL NUMBER
LC control number 98060385
020 ## - INTERNATIONAL STANDARD BOOK NUMBER
International Standard Book Number 0891188304
035 ## - SYSTEM CONTROL NUMBER
System control number (OCoLC)39616935
040 ## - CATALOGING SOURCE
Original cataloging agency WU
Transcribing agency WU
Modifying agency DNAL
-- DLC
041 ## - LANGUAGE CODE
Language code of text/sound track or separate title eng
042 ## - AUTHENTICATION CODE
Authentication code lccopycat
072 #0 - SUBJECT CATEGORY CODE
Subject category code J000
080 ## - UNIVERSAL DECIMAL CLASSIFICATION NUMBER
Universal Decimal Classification number 577.5727
082 00 - DEWEY DECIMAL CLASSIFICATION NUMBER
Classification number 577.5727 HUA
Edition number 21
100 ## - Rafti
Rafti 9
101 ## - Shkurtesa
Shkurtesa MJE
245 00 - TITLE STATEMENT
Title Soil chemistry and ecosystem health :
Statement of responsibility, etc editor, P.M Huang ; coeditors, D.C. Adriano, T.J. Logan, R.T. Checkai.
504 ## - BIBLIOGRAPHY, ETC. NOTE
Bibliography, etc Includes bibliographical references.
906 ## - LOCAL DATA ELEMENT F, LDF (RLIN)
a 7
b cbc
c copycat
d 2
e opcn
f 19
g y-gencatlg
942 ## - ADDED ENTRY ELEMENTS (KOHA)
Source of classification or shelving scheme
Item type Books
Holdings
Withdrawn status Lost status Source of classification or shelving scheme Damaged status Not for loan Collection code Permanent location Current location Shelving location Date acquired Total Checkouts Full call number Barcode Date last seen Price effective from Koha item type
          Koleksioni i përgjithshem UBT - Lipjan UBT - Lipjan Koleksioni i përgjithshem 03/01/2018   577.5727 HUA 002-3000629 03/01/2018 03/01/2018 Books
UBT Library © 2015-2024. All rights reserved University Education for Business and Technology